00341pam a2200145a 44500008004100000020000900041041000800050082001400058100003600072245002700108250000600135260003700141300000800178650000900186230515b1999 xxu||||| |||| 00| 0 eng d aNULL aENG a610.73691 aAleyamma Eapen & Sr mary Lucita aCardiovascular nursing a0 aNULLb"B I pub , madras, "c1999 a175 aN.D.